| 000 | 00000cam 2200000zi 4500 |
| 001 | 9.962525 |
| 003 | CaOODSP |
| 005 | 20260504115649 |
| 006 | m o d f |
| 007 | cr mn||||||||| |
| 008 | 260504t19971997bccb ob f000 0 eng d |
| 040 | |aCaOODSP|beng|erda|cCaOODSP |
| 041 | 0 |aeng|beng|bfre |
| 043 | |an-cn-bc |
| 086 | 1 |aFs97-4/2402E-PDF|zFs97-4/2402E |
| 100 | 1 |aPage, Nick, |eauthor. |
| 245 | 10|aIdentification of fisheries values and protection strategies for aquatic and riparian areas in the City of Prince George, B.C. / |cby Nick Page and Matthew Child. |
| 264 | 1|aVancouver, B.C. : |bFraser River Action Plan, Department of Fisheries & Oceans, |c1997. |
| 264 | 4|c©1997 |
| 300 | |a1 online resource (vi, 53 pages, 5 sheets) : |bcolour maps. |
| 336 | |atext|btxt|2rdacontent |
| 337 | |acomputer|bc|2rdamedia |
| 338 | |aonline resource|bcr|2rdacarrier |
| 490 | 1 |aCanadian manuscript report of fisheries and aquatic sciences, |y0706-6473 ; |v2402 |
| 500 | |aDigitized edition from print [produced by Department of Fisheries and Oceans]. |
| 504 | |aIncludes bibliographical references (pages 52-53). |
| 520 | 3 |a"The central focus of this report is to identify and classify sensitive aquatic and riparian areas. Specific objectives of the study are to map watershed boundaries, identify areas of resident fish use, review current Natural Environment Development Permit Areas and prepare expanded guidelines to protect these areas. The report outlines an action plan for guideline implementation, and identifies additional municipal planning tools for protecting aquatic areas within the City of Prince George. The report recommends that certain areas (outlined in Section 5.0) be adopted by the City of Prince George as an Official Community Plan (OCP) amendment and that the City enter into a Memorandum of Understanding with DFO and MELP to create an Environmental Review Committee to oversee implementation of stream protection measures. It is also suggested that the City initiate a comprehensive Environmentally Sensitive Areas (ESA) study designed to provide information on fish habitats, and inventories of biophysical features"--Abstract, page vi. |
| 546 | |aIncludes abstracts in English and French. |
| 650 | 0|aFishes|xHabitat|zBritish Columbia|zPrince George Region. |
| 650 | 0|aPacific salmon|xHabitat|zBritish Columbia|zPrince George Region. |
| 650 | 0|aFreshwater habitat conservation|zBritish Columbia|zPrince George Region. |
| 650 | 0|aStream ecology|zBritish Columbia|zPrince George Region. |
| 650 | 6|aPoissons|xHabitat|zColombie-Britannique|zPrince George, Région de. |
| 650 | 6|aSaumons du Pacifique|xHabitat|zColombie-Britannique|zPrince George, Région de. |
| 650 | 6|aHabitats d'eau douce|xConservation|zColombie-Britannique|zPrince George, Région de. |
| 650 | 6|aÉcologie des cours d'eau|zColombie-Britannique|zPrince George, Région de. |
| 710 | 1 |aCanada. |bDepartment of Fisheries and Oceans, |eissuing body. |
| 710 | 2 |aFraser River Action Plan (Canada), |eissuing body. |
| 830 | #0|aCanadian manuscript report of fisheries and aquatic sciences ;|v2402.|w(CaOODSP)9.505211 |
| 856 | 40|qPDF|s15.20 MB|uhttps://publications.gc.ca/collections/collection_2026/mpo-dfo/fs97-4/Fs97-4-2402-eng.pdf |